[Event "Cesky Krumlov op 2nd"]
[Site "Cesky Krumlov"]
[Date "2008.10.15"]
[Round "6"]
[White "Kaser, Simon"]
[Black "Lastovicka, Jan"]
[Result "1-0"]
[WhiteElo "1623"]
[BlackElo "1548"]
[PlyCount "85"]
[EventDate "2008.10.11"]
[EventType "swiss"]
[EventRounds "9"]
[EventCountry "CZE"]
[SourceTitle "CBM 126 Extra"]
[Source "ChessBase"]
[SourceDate "2008.11.05"]
[SourceVersion "1"]
[SourceVersionDate "2008.11.05"]
[SourceQuality "1"]

1. e4 Nh6 2. d4 g6 3. Nf3 f6 4. Nc3 Nf7 5. Bc4 e6 6. Bd2 Bg7 7. 0-0 0-0 8. Re1 c6 9. Bb3 Kh8 10. Ne2 d6 11. Ng3 e5 12. Be3 f5 13. Bxf7 Rxf7 14. exf5 gxf5 15. Ng5 Rf8 16. Qh5 h6 17. Nf7+ Rxf7 18. Qxf7 f4 19. Bxf4 Qg8 20. Qxg8+ Kxg8 21. dxe5 dxe5 22. Bxe5 Nd7 23. Bxg7 Kxg7 24. Nf5+ Kg6 25. Nd6 Nf6 26. Nxc8 Rxc8 27. Rad1 Rc7 28. Kf1 Rf7 29. Rd6 Kg7 30. Ree6 h5 31. h3 c5 32. g4 hxg4 33. hxg4 c4 34. Rxf6 Rxf6 35. Rxf6 Kxf6 36. Ke2 Kg5 37. f3 Kf4 38. Kd2 b5 39. Kc3 Ke5 40. g5 a5 41. f4+ Kd5 42. g6 b4+ 43. Kd2 1-0

[Event "Cesky Krumlov op 2nd"]
[Site "Cesky Krumlov"]
[Date "2008.10.12"]
[Round "3"]
[White "Rezny, Frantisek"]
[Black "Lastovicka, Jan"]
[Result "1-0"]
[WhiteElo "1654"]
[BlackElo "1548"]
[PlyCount "55"]
[EventDate "2008.10.11"]
[EventType "swiss"]
[EventRounds "9"]
[EventCountry "CZE"]
[SourceTitle "CBM 126 Extra"]
[Source "ChessBase"]
[SourceDate "2008.11.05"]
[SourceVersion "1"]
[SourceVersionDate "2008.11.05"]
[SourceQuality "1"]

1. e4 Nh6 2. d4 g6 3. Nf3 f6 4. Bc4 e6 5. Nc3 c6 6. 0-0 d5 7. exd5 cxd5 8. Bb3 Nf7 9. Re1 Bg7 10. Bxd5 Qb6 11. Qe2 Nd8 12. Bb3 0-0 13. Na4 Qd6 14. g3 g5 15. Nc5 Re8 16. Bd2 Nbc6 17. Ne4 Qd7 18. Nexg5 fxg5 19. c3 h6 20. Qe4 Kf8 21. Rad1 Nf7 22. Be3 Na5 23. Bc2 Nd6 24. Qd3 Ndc4 25. Bc1 g4 26. Nh4 Nd6 27. Qh7 Nc6 28. Bxh6 1-0